| Tag |
First Indicator |
Second Indicator |
Subfields |
| LEADER |
00000cam a2200000 i 4500 |
| 001 |
in00000238021 |
| 005 |
20151009091848.0 |
| 008 |
790201r19781977nyu b 00110beng |
| 010 |
|
|
|a 78064514
|
| 020 |
|
|
|a 0670329738 :
|c $9.95
|
| 035 |
|
|
|a (OCoLC)04451156
|
| 035 |
|
|
|9 ABA5102AM
|
| 040 |
|
|
|a DLC
|c DLC
|d TXA
|d UtOrBLW
|
| 049 |
|
|
|a TXAM
|c [1189255]
|
| 050 |
0 |
0 |
|a HX273.E56
|b M3 1978b
|
| 082 |
0 |
|
|a 335.4/092/4
|a B
|
| 100 |
1 |
|
|a McLellan, David.
|
| 240 |
1 |
0 |
|a Engels
|
| 245 |
1 |
0 |
|a Friedrich Engels /
|c David McLellan ; edited by Frank Kermode.
|
| 264 |
|
1 |
|a New York :
|b Viking Press,
|c 1978
|
| 264 |
|
4 |
|c ©1977
|
| 300 |
|
|
|a 120 pages ;
|c 19 cm.
|
| 336 |
|
|
|a text
|b txt
|2 rdacontent
|
| 337 |
|
|
|a unmediated
|b n
|2 rdamedia
|
| 338 |
|
|
|a volume
|b nc
|2 rdacarrier
|
| 490 |
0 |
|
|a Modern masters
|
| 500 |
|
|
|a First published in 1977 under title: Engels.
|
| 500 |
|
|
|a Includes index.
|
| 504 |
|
|
|a Bibliography: pages [111]-114.
|
| 600 |
1 |
0 |
|a Engels, Friedrich,
|d 1820-1895.
|
| 650 |
|
0 |
|a Communists
|v Biography.
|
| 700 |
1 |
|
|a Kermode, Frank,
|d 1919-2010.
|
| 999 |
|
|
|a MARS
|
| 999 |
f |
f |
|s 58910cb8-1e13-37c8-b747-be3ba50282a1
|i 742a15e4-35a8-30a9-888d-f1f720b98c37
|t 0
|
| 952 |
f |
f |
|p ric
|a Texas A&M University
|b Rellis Campus
|c Joint Library Facility
|d Remote Storage
|t 0
|e HX273.E56 M3 1978b
|h Library of Congress classification
|i unmediated -- volume
|m A14803055849
|
| 998 |
f |
f |
|a HX273.E56 M3 1978b
|t 0
|l Remote Storage
|